Game of Thrones Characters and Actors by Picture #4 (Hard) - Statistics

General Stats
  • This quiz has been taken 20 times
  • The average score is 13 of 32
Answer Stats
Picture Answer % Correct
Viserys Targaryen
94%
Podrick Payne
88%
Lyanna Mormont
81%
Mance Rayder
81%
Pycelle
81%
Euron Greyjoy
75%
Gendry Waters
75%
Qyburn
75%
Shae
75%
Tormund Giantsbane
75%
Barristan Selmy
69%
Daario Naharis
69%
Talisa Maegyr
63%
Alliser Thorne
56%
Thoros of Myr
56%
"Dolorous" Edd Tollett
50%
Bella Ramsey
44%
Oona Chaplin
31%
Ciaran Hinds
19%
Harry Lloyd
13%
Owen Teale
13%
Sibel Kekilli
13%
Anton Lesser
6%
Daniel Portman
6%
Julian Glover
6%
Pilou Asbæk
6%
Ben Crompton
0%
Ian McElhinney
0%
Joe Dempsie
0%
Kristofer Hivju
0%
Michael Huisman
0%
Paul Kaye
0%
No matching quizzes found
Score Distribution
Percent of People with Each Score
Percentile by Number Answered
Your Score History
You have not taken this quiz